| 000 | 00533nam a22001937a 4500 | ||
|---|---|---|---|
| 003 | OSt | ||
| 005 | 20260530113913.0 | ||
| 008 | 260507b1984 mx |||| |||| 00| 0 spa d | ||
| 020 | _a9688370495 | ||
| 040 |
_aICI _bspa _cICI |
||
| 041 | _aspa | ||
| 050 |
_aN6493 _bA24 |
||
| 100 | 1 |
_aAcha, Juan, _d1916-1995, _eautor _933772 |
|
| 245 | 1 | 3 |
_aEl arte y su distribucion / _cJuan Acha |
| 264 |
_aMéxico : _bUNAM, Coordinacion de Humanidades, _c1984 |
||
| 300 | _a346 páginas | ||
| 650 | 4 |
_aArtes decorativas _91921 |
|
| 942 |
_2lcc _cBK _n1 |
||
| 999 |
_c12213 _d12213 |
||